| 000 | 00353 a2200109 4500 | ||
|---|---|---|---|
| 001 | ART_39604 | ||
| 005 | 20260410162000.0 | ||
| 008 | 260409a | ||
| 245 | 1 | 0 | _aIdeas y actitudes improductivas en la anseñanza con alumnos mayores |
| 100 | 1 | _aFernández Lópiz, Enrique | |
| 773 | 0 |
_tPropuestas _g- Año 3, Nº 6 (dic. 1997) _wREV28258 |
|
| 999 |
_c31224 _d31224 |
||